<?xml version="1.0" encoding="UTF-8"?>
<record
    xmlns:xsi="http://www.w3.org/2001/XMLSchema-instance"
    xsi:schemaLocation="http://www.loc.gov/MARC21/slim http://www.loc.gov/standards/marcxml/schema/MARC21slim.xsd"
    xmlns="http://www.loc.gov/MARC21/slim">

  <leader>03055nam a2200649 a 4500</leader>
  <controlfield tag="001">dia_5726</controlfield>
  <controlfield tag="003">CHAP</controlfield>
  <controlfield tag="005">20241105180614.0</controlfield>
  <controlfield tag="007">ta</controlfield>
  <controlfield tag="008">220601s2009    mx o   fr     001 0 spa d</controlfield>
  <datafield tag="040" ind1=" " ind2=" ">
    <subfield code="a">mxchpua</subfield>
    <subfield code="c">CHAP</subfield>
  </datafield>
  <datafield tag="090" ind1=" " ind2=" ">
    <subfield code="a">T.C.479 </subfield>
    <subfield code="b">V45 IA </subfield>
    <subfield code="c">2009</subfield>
  </datafield>
  <datafield tag="245" ind1="1" ind2="0">
    <subfield code="a">Viaje de estudios a la zona del Baj&#xED;o / </subfield>
    <subfield code="c">coordinadora Alejandra Vel&#xE1;zquez Castillo ; colaboradores Blanca Aide Albarr&#xE1;n Contreras...[et al.]</subfield>
  </datafield>
  <datafield tag="260" ind1=" " ind2=" ">
    <subfield code="a">M&#xE9;xico : </subfield>
    <subfield code="b">El autor</subfield>
    <subfield code="c">2009</subfield>
  </datafield>
  <datafield tag="300" ind1=" " ind2=" ">
    <subfield code="a">143 hojas :</subfield>
    <subfield code="b">diagramas, tablas, fotos</subfield>
  </datafield>
  <datafield tag="336" ind1=" " ind2=" ">
    <subfield code="2">rdacontent</subfield>
    <subfield code="a">texto</subfield>
    <subfield code="b">txt</subfield>
  </datafield>
  <datafield tag="337" ind1=" " ind2=" ">
    <subfield code="2">rdamedia</subfield>
    <subfield code="a">no mediado</subfield>
    <subfield code="b">n</subfield>
  </datafield>
  <datafield tag="338" ind1=" " ind2=" ">
    <subfield code="2">rdacarrier</subfield>
    <subfield code="a">volumen</subfield>
    <subfield code="b">nc</subfield>
  </datafield>
  <datafield tag="500" ind1=" " ind2=" ">
    <subfield code="a">4&#xB0; a&#xF1;o Grupo 2</subfield>
  </datafield>
  <datafield tag="500" ind1=" " ind2=" ">
    <subfield code="a">Incluye directorio en el reporte</subfield>
  </datafield>
  <datafield tag="502" ind1=" " ind2=" ">
    <subfield code="a">Viaje de Estudios</subfield>
    <subfield code="b">(IA) --</subfield>
    <subfield code="c">UACh. Departamento de Ingenier&#xED;a Agroindustrial,</subfield>
    <subfield code="d">2009</subfield>
  </datafield>
  <datafield tag="505" ind1=" " ind2=" ">
    <subfield code="t">Empresas visitadas: -- 
1. Ingenio Santa Clara, S. A. de C. V. -- 
2. EXPOBERRYS,  S. A. de C. V. -- 
3. Rastro Cicaba, S. A. de C. V. -- 
4. Empacadora Bonna Carne, S. A. de C. V. -- 
5. Jugos Sonrisa, S. A. de C. V. -- 
6. F&#xE1;brica de dulces Flor de Calvillo, S. A. de C. V. -- 
7. Cremer&#xED;a El Labrador, S. A. de C. V. -- 
8. Vinos La Bordalesa, S. A. de C.V . -- 
9. Semilla Agroferza, S. A. de C. V. -- 
10. Frutas selectas de  Calvillo, FRUSEC, S. A. de C. V. -- 
11. Empacadora FRUCASA, S. A. de C. V. -- 
12. Cristalita, S. A. de C. V. -- 
13. Corralejo, S. A. de C. V. -- 
14. Congeladora Ni&#xF1;o, S. A. de C. V. -- 
15. BIMBO, Irapuato, S. A. de C. V. -- 
16. Expor San Antonio, S. A. de C. V. -- 
17. Deshidratadora La Cascada, S. A. de C. V. -- 
18. Harinera La Queretana, S. A. de C. V. --
19. Grupo Modelo, S. A. de C. V.</subfield>
  </datafield>
  <datafield tag="650" ind1="1" ind2="7">
    <subfield code="a">Industria azucarera</subfield>
    <subfield code="z">M&#xE9;xico</subfield>
    <subfield code="2"></subfield>
    <subfield code="9">57791</subfield>
  </datafield>
  <datafield tag="650" ind1="1" ind2="3">
    <subfield code="a">Zarzamora</subfield>
    <subfield code="9">123730</subfield>
  </datafield>
  <datafield tag="650" ind1="1" ind2="3">
    <subfield code="a">Mataderos</subfield>
    <subfield code="9">72885</subfield>
  </datafield>
  <datafield tag="650" ind1="1" ind2="3">
    <subfield code="a">Productos c&#xE1;rnicos  </subfield>
    <subfield code="9">147832</subfield>
  </datafield>
  <datafield tag="650" ind1="1" ind2="3">
    <subfield code="a">Jugos de fruta</subfield>
    <subfield code="9">62307</subfield>
  </datafield>
  <datafield tag="650" ind1="1" ind2="3">
    <subfield code="a">Productos l&#xE1;cteos</subfield>
    <subfield code="9">92124</subfield>
  </datafield>
  <datafield tag="650" ind1="1" ind2="3">
    <subfield code="a">Industria del vino  </subfield>
    <subfield code="9">151418</subfield>
  </datafield>
  <datafield tag="650" ind1="1" ind2="3">
    <subfield code="a">Industria cervecera</subfield>
    <subfield code="9">57799</subfield>
  </datafield>
  <datafield tag="650" ind1="1" ind2="3">
    <subfield code="a">Frutas</subfield>
    <subfield code="9">150601</subfield>
  </datafield>
  <datafield tag="650" ind1="1" ind2="3">
    <subfield code="a">Tequila</subfield>
    <subfield code="9">112336</subfield>
  </datafield>
  <datafield tag="650" ind1="1" ind2="3">
    <subfield code="a">Harina de trigo</subfield>
    <subfield code="9">52680</subfield>
  </datafield>
  <datafield tag="650" ind1="1" ind2="3">
    <subfield code="a">Alimentos deshidratados  </subfield>
    <subfield code="9">154330</subfield>
  </datafield>
  <datafield tag="650" ind1="1" ind2="3">
    <subfield code="a">Alimentos congelados</subfield>
    <subfield code="9">4302</subfield>
  </datafield>
  <datafield tag="650" ind1="1" ind2="3">
    <subfield code="a">Industria de los alimentos  </subfield>
    <subfield code="9">148659</subfield>
  </datafield>
  <datafield tag="650" ind1="1" ind2="3">
    <subfield code="a">Sugar industry  </subfield>
    <subfield code="9">151278</subfield>
  </datafield>
  <datafield tag="650" ind1="1" ind2="3">
    <subfield code="a">Blackberries</subfield>
    <subfield code="9">155468</subfield>
  </datafield>
  <datafield tag="650" ind1="1" ind2="0">
    <subfield code="a">Slaughterhouses  </subfield>
    <subfield code="9">148386</subfield>
  </datafield>
  <datafield tag="650" ind1="1" ind2="3">
    <subfield code="a">Meat products  </subfield>
    <subfield code="9">147939</subfield>
  </datafield>
  <datafield tag="650" ind1="1" ind2="3">
    <subfield code="a">Fruit juices  </subfield>
    <subfield code="9">148584</subfield>
  </datafield>
  <datafield tag="650" ind1="1" ind2="3">
    <subfield code="a">Dairy products  </subfield>
    <subfield code="9">147027</subfield>
  </datafield>
  <datafield tag="650" ind1="1" ind2="3">
    <subfield code="a">Wine industry  </subfield>
    <subfield code="9">151419</subfield>
  </datafield>
  <datafield tag="650" ind1="1" ind2="3">
    <subfield code="a">Brewing industry  </subfield>
    <subfield code="9">151423</subfield>
  </datafield>
  <datafield tag="650" ind1="1" ind2="3">
    <subfield code="a">Fruits  </subfield>
    <subfield code="9">150789</subfield>
  </datafield>
  <datafield tag="650" ind1="1" ind2="3">
    <subfield code="a">Wheat flour  </subfield>
    <subfield code="9">148273</subfield>
  </datafield>
  <datafield tag="650" ind1="1" ind2="3">
    <subfield code="a">Dried foods</subfield>
    <subfield code="9">154331</subfield>
  </datafield>
  <datafield tag="650" ind1="1" ind2="3">
    <subfield code="a">Frozen foods  </subfield>
    <subfield code="9">147452</subfield>
  </datafield>
  <datafield tag="700" ind1="1" ind2=" ">
    <subfield code="a">Vel&#xE1;zquez Castillo, Alejandra</subfield>
    <subfield code="9">118517</subfield>
    <subfield code="e">coordinadora</subfield>
  </datafield>
  <datafield tag="700" ind1="1" ind2=" ">
    <subfield code="a">Albarr&#xE1;n Contreras, Blanca Aid&#xE9;</subfield>
    <subfield code="9">125613</subfield>
    <subfield code="e">colaboradora</subfield>
  </datafield>
  <datafield tag="901" ind1=" " ind2=" ">
    <subfield code="a">T.C.479 V45 IA 2009</subfield>
  </datafield>
  <datafield tag="902" ind1=" " ind2=" ">
    <subfield code="a">M</subfield>
  </datafield>
  <datafield tag="905" ind1=" " ind2=" ">
    <subfield code="a">5232272009                          mx di  8223123322spa16</subfield>
  </datafield>
  <datafield tag="942" ind1=" " ind2=" ">
    <subfield code="2">local</subfield>
  </datafield>
  <datafield tag="942" ind1=" " ind2=" ">
    <subfield code="c">VE</subfield>
  </datafield>
  <datafield tag="999" ind1=" " ind2=" ">
    <subfield code="c">209604</subfield>
    <subfield code="d">209604</subfield>
  </datafield>
  <datafield tag="952" ind1=" " ind2=" ">
    <subfield code="0">0</subfield>
    <subfield code="1">0</subfield>
    <subfield code="2">local</subfield>
    <subfield code="4">0</subfield>
    <subfield code="5">1</subfield>
    <subfield code="7">0</subfield>
    <subfield code="8">VE</subfield>
    <subfield code="a">IA_</subfield>
    <subfield code="b">IA_</subfield>
    <subfield code="d">2022-06-01</subfield>
    <subfield code="e">El autor</subfield>
    <subfield code="l">0</subfield>
    <subfield code="o">T.C.479 V45 IA 2009</subfield>
    <subfield code="p">1106008689</subfield>
    <subfield code="r">2026-01-26 00:00:00</subfield>
    <subfield code="t">Ej. 1</subfield>
    <subfield code="y">VE</subfield>
  </datafield>
  <datafield tag="952" ind1=" " ind2=" ">
    <subfield code="0">0</subfield>
    <subfield code="1">0</subfield>
    <subfield code="2">local</subfield>
    <subfield code="4">0</subfield>
    <subfield code="5">5</subfield>
    <subfield code="7">0</subfield>
    <subfield code="8">VE</subfield>
    <subfield code="a">IA_</subfield>
    <subfield code="b">IA_</subfield>
    <subfield code="d">2022-06-16</subfield>
    <subfield code="e">El autor</subfield>
    <subfield code="l">0</subfield>
    <subfield code="o">T.C.479 V45 IA 2009</subfield>
    <subfield code="p">1106013338</subfield>
    <subfield code="r">2026-01-26 00:00:00</subfield>
    <subfield code="t">Ej. 2</subfield>
    <subfield code="y">VE</subfield>
  </datafield>
</record>
